Ikonomičeskijat institut pri BAN prez perioda 1980-1991 g.
Všeobecná charakteristika ústavu. Vedeckovýskumná činnosť. Expertná činnosť a aplikovaný výskum. Účasť na výchove a kvalifikácii špecialistov. Medzinárodná činnosť. Vedeckoorganizačná činnosť.
Salvato in:
| Natura: | Capitolo di libro |
|---|---|
| Lingua: | bulgaro |
| Soggetti: | |
| Tags: |
Nessun Tag, puoi essere il primo ad aggiungerne!!
|
MARC
| LEADER | 00000naa a2200000 4500 | ||
|---|---|---|---|
| 001 | r009350 | ||
| 005 | 20221130111659.7 | ||
| 041 | 0 | |a bul | |
| 044 | |a BG | ||
| 245 | 1 | 0 | |a Ikonomičeskijat institut pri BAN prez perioda 1980-1991 g. |
| 520 | |a Všeobecná charakteristika ústavu. Vedeckovýskumná činnosť. Expertná činnosť a aplikovaný výskum. Účasť na výchove a kvalifikácii špecialistov. Medzinárodná činnosť. Vedeckoorganizačná činnosť. | ||
| 610 | 2 | 0 | |a EÚ BAV |
| 610 | 2 | 0 | |a štruktúra organizačná |
| 610 | 2 | 0 | |a veda |
| 610 | 2 | 0 | |a výskum |
| 610 | 2 | 0 | |a výchova |
| 610 | 2 | 0 | |a kvalifikácia |
| 610 | 2 | 0 | |a experti |
| 610 | 2 | 0 | |a akadémie vied |
| 610 | 2 | 0 | |a Bulharsko |